Standard form of building contract for use with quantities; private edition 1963, July 1977 revision (Record no. 97640)

MARC details
000 -LEADER
fixed length control field 00527cam a2200193 4500
001 - CONTROL NUMBER
control field D6218
008 - FIXED-LENGTH DATA ELEMENTS--GENERAL INFORMATION
fixed length control field 090401t1977 xxu||||| |||| 00| 0 eng d
035 ## - SYSTEM CONTROL NUMBER
System control number (Sirsi) u91431
041 ## - LANGUAGE CODE
Language code of text/sound track or separate title eng
050 ## - LIBRARY OF CONGRESS CALL NUMBER
Classification number 692.8
110 ## - MAIN ENTRY--CORPORATE NAME
Corporate name or jurisdiction name as entry element Joint Contracts Tribunal
9 (RLIN) 3664
245 ## - TITLE STATEMENT
Title Standard form of building contract for use with quantities; private edition 1963, July 1977 revision
260 ## - PUBLICATION, DISTRIBUTION, ETC.
Place of publication, distribution, etc. London
Name of publisher, distributor, etc. RIBA
Date of publication, distribution, etc. 1977
300 ## - PHYSICAL DESCRIPTION
Extent 37p. 30cm
350 ## - PRICE (NR) (BK AM CF MU VM SE) [OBSOLETE]
Price 1.8
520 ## - SUMMARY, ETC.
Summary, etc. Filed at JCT 1977/1AC
942 ## - ADDED ENTRY ELEMENTS (KOHA)
Suppress in OPAC 0
948 ## - LOCAL PROCESSING INFORMATION (OCLC); SERIES PART DESIGNATOR (RLIN)
c (OCLC) 04/03/1997
Holdings
Withdrawn status Lost status Source of classification or shelving scheme Damaged status Not for loan Home library Current library Shelving location Date acquired Cost, normal purchase price Total Checkouts Full call number Barcode Date last seen Date last checked out Copy number Cost, replacement price Price effective from Koha item type
    Other/Generic Classification Scheme     London London Gallery 14/09/1999 1.80 1 JCT 1977/1 30016210 06/08/2019 01/02/2008 1 1.80 06/08/2019 Book
    Other/Generic Classification Scheme     London London Gallery 14/09/1999 1.80   JCT 1977/1 30016214 06/08/2019   2 1.80 06/08/2019 Reference material
    Other/Generic Classification Scheme     London London Gallery 07/08/1991 1.80   JCT 1977/1 30016223 06/08/2019   3 1.80 06/08/2019 Reference material